[Event "Elista FIDE GP"]
[Site "Elista"]
[Date "2008.12.14"]
[Round "1"]
[White "Leko, Peter"]
[Black "Akopian, Vladimir Eduardovic"]
[Result "1/2-1/2"]
[WhiteElo "2747"]
[BlackElo "2679"]
[Annotator "Marin,M"]
[PlyCount "55"]
[EventDate "2008.12.14"]
[EventType "tourn"]
[EventRounds "13"]
[EventCountry "RUS"]
[EventCategory "19"]
[SourceTitle "CBM 128"]
[Source "ChessBase"]
[SourceDate "2009.01.28"]
[SourceVersion "1"]
[SourceVersionDate "2009.01.28"]
[SourceQuality "1"]

1. e4 e5 2. Nf3 Nc6 3. Bb5 a6 4. Ba4 Nf6 5. O-O Be7 6. Re1 b5 7. Bb3 d6 8. c3
O-O 9. h3 Na5 10. Bc2 c5 11. d4 Qc7 12. Nbd2 cxd4 13. cxd4 Nc6 14. Nb3 a5 15.
Be3 a4 16. Nbd2 Bd7 17. Rc1 Rac8 ({For} 17... Qb7 {see Ivanchuk,V (2786)
-Svidler,P (2727)/Nanjing 2008/CBM 128/[Marin] (1/2, 37)}) 18. Nf1 {White
continues the knight manoeuvre, aiming to concentrate his forces on the
kingside.} ({The alternate plan is to set up pressure on the queenside with} 
18. Bd3 Qb8 19. Qe2 (19. a3 {, preventing ...Nb4, weakens his own queenside
and is a bit too slow to pose problems.} Rc7 20. Qe2 Rfc8 21. Rb1 Rb7 {Black
has regrouped in an optimal way.} 22. Rec1 Na5 23. Rxc8+ Bxc8 24. Rc1 Be6 25.
Qf1 h6 $11 {Lutz,C (2650)-Shirov,A (2697)/Dortmund 2002/CBM 090 (1/2, 50)})
19... Nb4 20. Bb1 Rxc1 21. Rxc1 Rc8 (21... Re8 $6 {makes little sense, because
Black cannot allow his opponent to keep the control of the c-file.} 22. b3 $1 {
clearing some space for his pieces, in order to increase the pressure against
the b5- and e5-pawns.} axb3 23. Nxb3 Rc8 24. Rxc8+ Bxc8 25. Bd2 Na6 26. Bd3 Bd7
27. dxe5 dxe5 28. Bc3 Bd6 29. Qb2 $16 {Black simply loses a pawn, Ivanchuk,V 
(2741)-Bruzon Bautista,L (2648)/Havana 2006/CBM 116 (1-0, 48)}) 22. Rxc8+ Bxc8
23. Nf1 (23. a3 Nc6 24. Bd3 Bd7 $1 $11 {Shirov,A}) 23... Bd7 24. Qd2 (24. Ng3
g6 25. Qd2 Nc6 26. d5 Na7 27. Qb4 Nc8 28. Ne2 Bd8 29. Bd3 Qa8 30. Qc3 Ba5 31.
b4 axb3 {1/2 Hracek,Z (2607)-Sokolov,I (2607)/Germany 2002/EXT 2003}) 24...
exd4 (24... Nc6 {was recommended by Shirov and played in the following game}
25. d5 Nd8 26. Qb4 {Lacking space, Black has limited possibilities to defend
the e5-pawn. In the event of a bishop retreat to f8, its further activation
would be problematic, but now the king is exposed because of far from obvious
reasons.} Kf8 27. b3 axb3 28. axb3 Ne8 29. Ng3 f6 30. Nd2 Nc7 31. Ne2 Nb7 32.
Qa3 Nc5 33. b4 Na4 34. Bd3 Bd8 35. Nc3 Nxc3 36. Qxc3 Na6 37. Qa3 Qb7 38. Nb3
Bb6 {Black hurries to play this thematic move, fearing that after a king move
the knight move to a5 will make it considerably harder to carry out.} 39. Nc5
$1 $36 {Kotronias,V (2601)-Socko,B (2621)/Ermioni 2006/CBM 113 ext (1/2, 49).
It is interesting that during the previous long sequence Black had no time to
correct the king's position, because of his permanent problems on the other
wing.}) 25. Nxd4 Nc6 26. Ng3 (26. Nf5 Bxf5 27. exf5 d5 $11 {Shirov,A}) 26...
Nxd4 27. Bxd4 Ne8 28. a3 (28. b4 $5 $14 {Shirov,A}) 28... Bf6 29. Nf5 Bxd4 30.
Nxd4 (30. Qxd4 $5 $14 {Shirov,A}) 30... Qb6 31. Qe3 Qc5 $11 {Topalov,V (2745)
-Shirov,A (2697)/Dortmund 2002/CBM 090 (1/2, 58). Although Black is in no
immediate danger in this line, his position looks a bit unpleasant.}) 18... Qb8
19. Ng3 (19. Bb1 Rc7 (19... Rfe8 $5 {is likely to lead to a simple
transposition to the main game.}) 20. Qd2 {Leko,P (2763)-Adams,M (2737)/
Miskolc 2005/CBM 108/[Erenburg] (1-0, 32)}) 19... Rfe8 {This is the most
popular continuation. Black places all his pieces on the best squares.} (19...
Rc7 20. Bb1 Rfc8 21. Kh1 Na5 22. b3 Rxc1 23. Bxc1 {1-0 Smirin,I-Golod,V/Tel
Aviv 2002/CBM 093/[Golod,V] (54)}) 20. Bb1 Na5 {It seems like a good idea to
anticipate the advance of the d-pawn.} (20... Bd8 {can lead to unexpected
problems after} 21. d5 $5 {An instructive moment. Black will not be in time to
regroup, because of his lack of space.} ({Maintaining the tension in the
centre with} 21. Qd3 g6 22. Rcd1 {allowed Black to get strong counterplay after
} exd4 23. Nxd4 Ne5 24. Qf1 Nc4 25. Bc1 a3 26. bxa3 Qa7 27. Nc2 Bb6 28. Bg5 Re6
$15 {Dzhumaev,M (2512)-Vladimirov,E (2621)/Dubai 2004/CBM 101 (0-1, 57)}) 21...
Ne7 22. Qd2 Ng6 23. Rxc8 Bxc8 24. Bd3 Bd7 25. Rb1 h6 {Necessary prophylaxis.} (
25... Bb6 26. Bg5 $1) (25... b4 26. b3 a3 27. Ne1 {[%csl Gb4][%cal Ge1c2]}) 26.
b3 $1 {A familiar move. Black's queenside is in danger.} a3 (26... axb3 27.
Rxb3 $16 {[%csl Gb5]}) 27. b4 Bb6 28. Rb3 Bxe3 29. fxe3 $5 {[%csl Gf4,Gg6]} Qa7
30. Kh2 Ne7 31. Ne1 Rc8 32. Nc2 Rc7 33. Nxa3 Qb6 34. Nb1 Ne8 35. Nc3 $16 {
Neelotpal,D (2458)-Sriram,J (2431)/Visakhapatnam 2004/CBM 103 ext (1-0, 56).
Black has no compensation for the pawn.}) 21. b3 {The most consistent move,
restricting the enemy knight.} (21. Rxc8 Bxc8 22. Bd3 Be6 23. Bd2 Bd8 24. Qe2
Bc4 $1 $132 25. Rc1 exd4 26. Bxa5 Bxa5 27. Bxc4 bxc4 28. Qxc4 Qxb2 29. Rc2 Qb1+
30. Rc1 Qb2 31. Rc2 Qb1+ 32. Rc1 {1/2 Svidler,P (2750)-Shirov,A (2720)/Moscow
2006/CBM 116}) 21... axb3 22. axb3 h6 $146 {This novelty will eventually lead
to a short draw, but I do not believe it really solves Black's problems.} ({
I prefer} 22... g6 {[%csl Gb1,Gg3] , restricting the g3-knight and the
light-squared bishop.} 23. Bc2 Nc6 $6 {Now, he will not have the time to
transfer his bishop to g7.} (23... b4 {is not an adequate solution either in
view of} 24. Ra1 $5 {for instance} Bd8 25. Bg5 {and Black's pieces are hanging.
}) (23... exd4 $1 {looks like the correct solution.} 24. Bxd4 Nc6 25. Bb2 Ne5
26. Nd4 Qb6 27. Qd2 Bf8 $11) 24. Bg5 $1 exd4 25. Nxd4 Qb6 26. Nxc6 Bxc6 27. Qd2
$14 {Black cannot coordinate his forces properly.} Bb7 28. Be3 Qd8 29. Bd3 Bf8
30. Rxc8 Qxc8 31. Bd4 Re6 32. Bxf6 Rxf6 33. Bxb5 $16 {with a sound extra pawn
for White in Spraggett,K (2589)-Sasikiran,K (2657)/Caleta 2005/CBM 104 ext 
(1-0, 87)}) 23. Qd3 $6 {Rather pointless. The queen will be exposed here,
failing to create any threats.} (23. Bc2 $5 b4 {[%csl Gc3]} (23... Bd8 24. Qd2
$14 Bb6 $2 25. Bxh6 $18) 24. Ra1 (24. Qd2 Rc3 $132 25. Bxh6 $2 gxh6 26. Qxh6
Nh7 $1) 24... Bd8 25. Nh4 $36 {Because of the hanging a5-knight, Black cannot
capture on e4 followed by ...Bxh4.} Bb6 26. Nhf5 Rc3 27. Qd2 $36 Nxb3 28. Bxb3
Rxb3 29. Bxh6 gxh6 30. Qxh6 Rxg3 $8 31. Nxg3 Bd8 32. d5 $16 {White will double
his rooks against the b-pawn, while Black cannot coordinate his forces. Nh7
would always be met by Nh5.}) 23... b4 24. Bd2 Bb5 25. Qe3 Bd7 26. Qd3 Bb5 27.
Qe3 Bd7 28. Qd3 1/2-1/2

[Event "EU-ch 10th"]
[Site "Budva"]
[Date "2009.03.06"]
[Round "1"]
[White "Caruana, Fabiano"]
[Black "Klenburg, Mikhail"]
[Result "1-0"]
[WhiteElo "2646"]
[BlackElo "2426"]
[Annotator "Marin,M"]
[PlyCount "91"]
[EventDate "2009.03.06"]
[EventType "swiss"]
[EventRounds "11"]
[EventCountry "MNE"]
[SourceTitle "CBM 130"]
[Source "ChessBase"]
[SourceDate "2009.05.20"]
[SourceVersion "1"]
[SourceVersionDate "2009.05.20"]
[SourceQuality "1"]

1. e4 e5 2. Nf3 Nc6 3. Bb5 a6 4. Ba4 Nf6 5. O-O Be7 6. Re1 b5 7. Bb3 d6 8. c3
O-O 9. h3 Na5 10. Bc2 c5 11. d4 Qc7 12. Nbd2 cxd4 13. cxd4 Nc6 14. Nb3 a5 15.
Be3 a4 16. Nbd2 Bd7 {Throughout history, this system of development has been
one of Black's most popular choices in the Chigorin variation. Black obtains
natural development, but my feeling is that he faces problems keeping his
slightly overextended position together.} 17. Rc1 Rac8 (17... Qb7 {1/2
Ivanchuk,V (2786)-Svidler,P (2727)/Nanjing 2008/CBM 128/[Marin,M] (37)}) 18. a3
{Instead of the standard knight transfer to f1-g3, Caruana prefers maintaining
the tension all over the board. This was Fischer's policy in the Ruy Lopez,
too, during his final campaign for the World Title. See for instance his game
against Ivkov at Palma (izt) 1970 and the 10th game of the match against
Spassky.} ({Yet, I believe that the classical} 18. Nf1 {causes Black more
troubles, Leko,P (2747) -Akopian,V (2679)/Elista 2008/CBM 128/[Marin,M] (1/2,
28)}) 18... Qb8 ({Black has been successful with} 18... Na5 {in two
correspondence games, but further testing in practical chess is required
before reaching a conclusion.} 19. Bd3 Qb8 20. Qe2 h6 (20... b4 21. axb4 Qxb4
22. dxe5 Rxc1 23. Rxc1 dxe5 24. Nc4 Nxc4 25. Bxc4 Qb8 {Kristoffel,N-Toennemann,
W/ICCF corr 1991/Corr 2004 (1/2, 31)}) 21. Red1 Rfe8 22. d5 Rxc1 23. Rxc1 Bd8
$11 {Hamarat, T (2640)-Tarnowiecki,H (2692)/ICCF email 2002/ICCF Telechess CBM
100 (1/2, 51)}) 19. Qe2 {White keeps improving the placement of his pieces.} (
19. Bb1 {is too passive to cause Black problems.} Bd8 (19... Nxd4 20. Nxd4 Rxc1
21. Qxc1 exd4 22. Bxd4 Rc8) 20. dxe5 dxe5 21. Bc5 Re8 22. Qe2 (22. Ba2 $5)
22... Nh5 $132 {Vutov,M (2262) -Dobrev,N (2409)/Plovdiv 2009/CBM 128 Extra 
(1-0, 48)}) 19... Rc7 20. Bd3 Rfc8 21. Qf1 $5 $146 {An interesting novelty,
removing the queen from the exposed e2-square and renewing the threat of Bxb5.}
(21. Bxb5 $2 Nxd4 $1 $19) (21. Rcd1 {releases the tension along the c-file,
allowing Black regroup comfortably with} Rb7 22. b4 axb3 23. Nxb3 Qa8 $132 {
Asomaeki,P (2527)-De Almeida,M (2455)/ICCF Email 2002/ICCF Telechess CBM 100 
(1/2, 30)}) 21... exd4 {Black has reached a maximum of piece activity and has
nothing better than to release the tension.} (21... Rb7 {is less effective now
because of} 22. Rc2 $5 $14 (22. d5 Na5 23. Rxc8+ Qxc8 24. Rc1 Qb8 25. Rc2 Nc4
$11)) ({However,} 21... Nxd4 {would have been a more restrictive move order.}
22. Nxd4 (22. Rxc7 $2 Nxf3+ $1) 22... Rxc1 23. Rxc1 Rxc1 24. Qxc1 exd4 25. Bxd4
Qb7 {White's position remains more pleasant, but Black can hope to hold this
simplified position.}) 22. Nxd4 Nxd4 23. Rxc7 {This intermediate move allows
White to avoid the simplifications mentioned in the previous line.} Rxc7 $6 {
This aligns the major pieces on the h2-b8 diagonal, leaving them vulnerable.} (
23... Qxc7 24. Bxd4 Qb7 {should have been preferred.}) 24. Bxd4 Bc6 {[%cal
Gf6d7] Black's desire to regroup with his minor pieces is understandable, but
this is not the best moment for it.} (24... Rc8 {would have been similar to
the line mentioned above, although the queen is worse placed on b8 than on b7.}
) 25. e5 $1 $36 Nd7 (25... dxe5 26. Bxe5 $18) 26. e6 ({More ambitious than} 26.
exd6 Bxd6 27. Qe2 $14 {, when White would keep some initiative because of his
better regrouped army.}) 26... fxe6 27. Rxe6 Nc5 {An esssential move, allowing
Black to repair his pawn structure.} 28. Bxc5 dxc5 29. Qe2 (29. Qb1 {would
have forced Black to weaken his kingside with} h6 {, but after the queen
incursion to b1 White would have needed some time to re-centralize. A well
timed placement of the black bishop to f6 would have left the white queenside
under serious pressure.}) 29... Qd8 30. Nf3 {White has the initiative. His
pieces are more active and the black kingside has been seriously weakened
after the exchange of the f7-pawn.} c4 {This is the most convenient way to
defend b5. Given the fact that Black has a dark-squared bishop and White does
not, the temporary immobility of the queenside majority is not dangerous in
the long term.} (30... Qd7 $6 31. Bf5 $1) 31. Bc2 $6 {From this square, the
bishop only disposes over one active diagonal.} (31. Bf5 $1 {would have been
more threatening. In certain cases, the possibility of a check on e6 would
make quite a difference compared to the game continuation.} Bf6 (31... Bd7 $4
32. Rxe7 Bxf5 33. Re8+) (31... Bd5 32. Ng5 $1 h6 33. Re5 {[%cal Ge5d5,Gf5e6]}
Kh8 34. Ne6 Bxe6 35. Rxe6 $16 {The weakened position of the black king and the
presence of opposite coloured bishops make Black's situation quite dangerous.})
(31... Bf8 32. Ne5 $36 Bb7 $2 33. Qh5 g6 34. Rxg6+ $1 hxg6 35. Be6+ $1 {
A perfect illustration of the bishop's activity on f5.}) 32. Ne5 Qd5 33. Qg4 {
[%cal Ge6f6]} (33. Nxc6 Qxf5 {is one of the few variations in which the bishop
proves to be somewhat exposed, but White can avoid it.}) 33... Bxe5 34. Re8+
Bxe8 35. Be6+ $16) 31... Bf8 (31... Bf6 32. Ne5 $16) 32. Ne5 Bd5 $2 {This
careless move takes an important square away from the queen, allowing a simple,
but effective, combination.} (32... Bb7 $13 {would have left White with
problems developing his initiative.} 33. Bxh7+ Kxh7 34. Ng6 (34. Qh5+ Kg8 35.
Re8 Qd5) 34... Qd5 35. Qg4 Kg8 36. Re8 Qxg2+ 37. Qxg2 Bxg2 38. Kxg2 Kf7 39.
Rxf8+ Kxg6 40. Rb8 $11) 33. Bxh7+ $1 $18 Kxh7 34. Qh5+ Kg8 35. Re8 {Black has
to give up the queen.} Qe7 (35... Qf6 36. Ng6 $18) (35... Qd6 36. Ng6 $18) 36.
Rxe7 Rxe7 37. Ng6 Re1+ 38. Kh2 Bd6+ 39. f4 Be4 40. Qh8+ Kf7 41. Ne5+ Bxe5 42.
fxe5 Bd5 43. e6+ Bxe6 44. Qh5+ Kf8 45. Qc5+ Kg8 46. Qxb5 1-0

[Event "Astrakhan FIDE GP"]
[Site "Astrakhan"]
[Date "2010.05.14"]
[Round "5"]
[White "Gashimov, Vugar"]
[Black "Akopian, Vladimir Eduardovic"]
[Result "1/2-1/2"]
[WhiteElo "2734"]
[BlackElo "2694"]
[Annotator "Marin,M"]
[PlyCount "65"]
[EventDate "2010.05.10"]
[EventType "tourn"]
[EventRounds "13"]
[EventCountry "RUS"]
[EventCategory "20"]
[SourceTitle "CBM 137"]
[Source "ChessBase"]
[SourceDate "2010.07.15"]
[SourceVersion "1"]
[SourceVersionDate "2010.07.15"]
[SourceQuality "1"]

1. e4 e5 2. Nf3 Nc6 3. Bb5 a6 4. Ba4 Nf6 5. O-O Be7 6. Re1 b5 7. Bb3 d6 8. c3
O-O 9. h3 Na5 10. Bc2 c5 11. d4 Qc7 12. Nbd2 cxd4 13. cxd4 Nc6 14. a3 {
Preventing ...Nb4 in case of d4-d5.} (14. Nb3 {is topical}) 14... exd4 {
Having been given a tempo for free, Black releases the tension in the centre
in order to get active piece play.} 15. Nb3 Bb7 16. Nbxd4 Nxd4 17. Nxd4 Rfe8
18. Bf4 Bf8 19. f3 Nh5 20. Bh2 g6 21. Bb3 Bg7 22. Kh1 Be5 23. Rc1 Qb6 24. Ne2 {
Black has activated his pieces to the maximum, which requires the opening of
the centre:} d5 $1 25. Bxd5 Bxh2 $6 ({The correct way to mount up the drawing
mechanism was} 25... Bxd5 26. exd5 (26. Qxd5 Bxb2 27. Rc7 Qe6 $11) 26... Bxh2
27. Kxh2 Qd6+ 28. Kg1 Rad8 29. Nc3 Qc5+ 30. Kh1 Ng3+ 31. Kh2 Qd6 $11) 26. Kxh2
Rad8 (26... Bxd5 {can be answered with} 27. Qxd5 $1 {, since the b2-pawn is
not hanging anymore.}) 27. Nc3 Bxd5 28. Nxd5 Qb8+ 29. Kh1 Ng3+ 30. Kg1 Qa7+ 31.
Kh2 Qb8 32. Kg1 ({White misses his chance to dismantle the perpetual check
mechanism with} 32. Nf6+ Kh8 33. Nd7 $1 $16 Qf4 $2 34. Qd4+ Kg8 35. Nf6+ Kf8
36. Nxh7+ Kg8 37. Nf6+ Kf8 38. Qb4+ Kg7 39. Nxe8+ Rxe8 40. e5 $18) 32... Qa7+
33. Kh2 1/2-1/2